Nástroje IT manažera

Salvato in:
Dettagli Bibliografici
Autore principale: Berger, Lukáš
Natura: Libro
Lingua:ceco
Pubblicazione: Praha Nakladatelství Forum 2011
Soggetti:
Tags: Aggiungi Tag
Nessun Tag, puoi essere il primo ad aggiungerne!!

MARC

LEADER 00000nam a2200000 4500
001 0125239
005 20240315114607.2
022 |a 1802-3886 
041 0 |a cze 
044 |a CZ 
245 1 0 |a Nástroje IT manažera  |c autoři: Lukáš Berger ... [et al.] 
264 1 |a Praha  |b Nakladatelství Forum  |c 2011 
300 |a [300] s.  |e 1 CD-ROM 
610 2 0 |a technológie informačné 
610 2 0 |a technológie komunikačné 
610 2 0 |a informácie 
610 2 0 |a používatelia 
610 2 0 |a ochrana údajov osobných 
610 2 0 |a politika bezpečnostná 
610 2 0 |a softvér 
610 2 0 |a právo 
100 1 |a Berger, Lukáš